| 000 | 01014nam a22002417a 4500 | ||
|---|---|---|---|
| 003 | OSt | ||
| 005 | 20250820085349.0 | ||
| 008 | 231024b ||||| |||| 00| 0 eng d | ||
| 040 | _c0 | ||
| 082 | _aDPer 155.205 J826 January-March 2020 v. 118 n. 1-3 | ||
| 100 |
_aNewman, David B. _eauthor. _949809 |
||
| 245 |
_aNostalgia and well-being in daily life : _ban ecological validity perspective / _cDavid B. Newman, Matthew E. Sachs, Arthur A. Stone, and Norbert Schwarz. |
||
| 260 |
_aWashington ; _bAmerican Psychological Association , _cFebruary 2020. |
||
| 300 |
_aVolume 118, pages 325-347 : _billustration ; _c28 cm. |
||
| 500 | _aJournal of Personality and Social Psychology, v. 118, no. 2, pages 325-347, February 2020. | ||
| 650 |
_aPerspective. _948717 |
||
| 650 |
_aEmotions. _949810 |
||
| 700 |
_aNewman, David B. _eauthor. _949809 |
||
| 700 |
_aSachs, Matthew E. _eauthor. _949811 |
||
| 700 |
_aStone, Arthur A. _eauthor. _949812 |
||
| 700 |
_aSchwarz, Norbert. _eauthor. _949813 |
||
| 942 |
_2ddc _cPER |
||
| 999 |
_c18384 _d18384 |
||